| 000 | 01132nam0a22003011 4500 | ||
|---|---|---|---|
| 001 | RU\INFOCOMM_322\NLR\5000073759 | ||
| 005 | 20250613103616.0 | ||
| 035 | _a(NLR Aleph) 009474811 | ||
| 090 |
_a8549911 _c8549911 |
||
| 100 | _a20121123d1972 |||y0rusy50 ca | ||
| 101 | 1 |
_aspa _crus _frus |
|
| 102 | _aRU | ||
| 105 | _ay z ||||| | ||
| 200 | 1 |
_aManual de física _ePara ingenieros y estudiantes _fB. M. Yavorski, A. A. Detlaf _gTrad. del ruso por el ing. Antonio Molina García y el cand. a dr. en ciencias filol. Manuel Gisbert Talens |
|
| 210 |
_aM. _c"Mir" _d1972 |
||
| 215 |
_a964 с. _cил. _d17 см |
||
| 300 | _aДоп. тит. л. на рус. яз.: Б. М. Яворский, А. А. Детлаф. Справочник по физике | ||
| 620 | _aМосква | ||
| 686 |
_aФз-0(справ.) _2rubbk |
||
| 686 |
_a[В3я27] _2rubbk |
||
| 700 | 1 |
_9z01790 _aJavorskij _bB. M. _gBoris Michajlovič |
|
| 701 | 1 |
_aDetlaf _bA. A. _gAndrej Antonovič |
|
| 790 | 1 |
_9z01700 _aYavorski _bB. M. _4070 |
|
| 801 | 1 |
_aRU _bNLR _c20121123 |
|
| 801 | 0 |
_aRU _bINFOCOMM _gPSBO |
|
| 852 |
_aNLR _jФз01 Д-1/13 |
||
| 942 | _cBOOK | ||
| 980 | _aNB | ||